00383nam a22001337a 450000500170000000800410001704100230005808200130008110000230009424500390011726000380015630000300019465000250022420240828081321.0240828b |||||||| |||| 00| 0 eng d aEnglish/Afrikaans  a349 LAW  lEnglish/Afrikaans  aThe Laws of South West Africa 1986 aWidnhoek: bBy Authority, c1986  blvii, 61 pages; c25 cm.  aLegal practice bLaw